[Event "4NCL Online Division 3"]
[Site "online"]
[Date "2020.05.26"]
[Round "8.163"]
[White "Shaw, David K"]
[Black "Majid, Haroon"]
[Result "0-1"]
[WhiteElo "1690"]
[BlackElo "1772"]
[PlyCount "118"]
[EventDate "2020.05.26"]
[WhiteTeam "Watford 2"]
[BlackTeam "Nottingham University 1"]

1. d4 Nf6 2. Bf4 e6 3. Nf3 c5 4. e3 d5 5. c3 Bd6 6. Ne5 O-O 7. Bd3 b6 8. Qe2
Nc6 9. Nd2 Ne7 10. g4 Bc7 11. O-O-O c4 12. Bc2 Bb7 13. h4 Nd7 14. g5 Ng6 15.
Nxg6 fxg6 16. Bxc7 Qxc7 17. f4 Rf5 18. h5 b5 19. hxg6 hxg6 20. Bxf5 exf5 21.
Rh3 b4 22. Nb1 Qa5 23. a3 bxa3 24. Nxa3 Nb6 25. Rdh1 Kf7 26. Rh8 Bc8 27. Qh2
Na4 28. Nb1 Rb8 29. b4 cxb3 30. Kd1 Nxc3+ 31. Nxc3 Qxc3 32. Qd2 Qc4 33. Qc1 b2
34. Qb1 Ba6 35. R8h2 Qd3+ 36. Qxd3 Bxd3 37. Kd2 b1=Q 38. Rxb1 Bxb1 39. Rh1 Be4
40. Ra1 Rb7 41. Ra5 Bf3 42. Ke1 Rd7 43. Ra6 Bh5 44. Kd2 Ke7 45. Kc3 Kd8 46. Kb4
Kc8 47. Kc5 Kb7 48. Ra2 a6 49. Ra3 Bf3 50. Rb3+ Kc8 51. Rb6 Rc7+ 52. Kb4 Rb7
53. Ka5 Rxb6 54. Kxb6 Be2 55. Kc5 Bc4 56. Kb6 Kd7 57. Kc5 Kc7 58. Kb4 Kb6 59.
Ka4 a5 0-1

[Event "4NCL Online Division 3"]
[Site "online"]
[Date "2020.05.26"]
[Round "8.164"]
[White "Finn, Daniel"]
[Black "Mead-Herbert, Bradley"]
[Result "1-0"]
[WhiteElo "1676"]
[BlackElo "1555"]
[PlyCount "65"]
[EventDate "2020.05.26"]
[WhiteTeam "Nottingham University 1"]
[BlackTeam "Watford 2"]

1. d4 e5 2. dxe5 Nc6 3. Nf3 Bc5 4. Bf4 Nge7 5. e3 Ng6 6. Bg3 O-O 7. Bd3 d5 8.
exd6 Bxd6 9. Bxd6 Qxd6 10. O-O Qf6 11. Nc3 Rd8 12. h3 Nce5 13. Nxe5 Nxe5 14.
Qe2 Nxd3 15. cxd3 Qg6 16. Qf3 Rxd3 17. Rad1 Bf5 18. Qxb7 Rad8 19. Rxd3 Bxd3 20.
Qxc7 Qb6 21. Qxb6 axb6 22. Rd1 Rd7 23. Ne2 Bb5 24. Rxd7 Bxd7 25. Nc3 f5 26. g3
Kf7 27. h4 Ke6 28. Kf1 h6 29. Ke2 g5 30. hxg5 hxg5 31. Kd3 b5 32. Kd4 Bc6 33.
Kc5 1-0

[Event "4NCL Online Division 3"]
[Site "online"]
[Date "2020.06.02"]
[Round "9.11"]
[White "Hookham, Jamie"]
[Black "Pert, Richard G"]
[Result "1/2-1/2"]
[WhiteElo "2029"]
[BlackElo "2416"]
[PlyCount "75"]
[EventDate "2020.06.02"]
[WhiteTeam "3 Smarties 1 Tube"]
[BlackTeam "Brentwood"]

1. e4 c6 2. Nc3 d5 3. Nf3 dxe4 4. Nxe4 Nf6 5. Nxf6+ exf6 6. d4 Bd6 7. Bd3 O-O
8. O-O Na6 9. c4 Bg4 10. h3 Bh5 11. Be3 Re8 12. a3 Nc7 13. g4 Bg6 14. Re1 Ne6
15. Qd2 Qd7 16. Rad1 Rad8 17. Qc3 Nf4 18. Bxf4 Bxf4 19. Bxg6 hxg6 20. Rxe8+
Rxe8 21. d5 f5 22. Rd4 fxg4 23. Rxf4 gxf3 24. Qxf3 cxd5 25. Rd4 Qa4 26. Qxd5
Qb3 27. Qb5 Qxb5 28. cxb5 Kf8 29. Ra4 Re5 30. Rxa7 Rxb5 31. b4 Ke7 32. Kg2 Kd6
33. Ra8 Rg5+ 34. Kf3 Rf5+ 35. Kg3 Rg5+ 36. Kf3 Rf5+ 37. Kg3 Rg5+ 38. Kf3
1/2-1/2

[Event "4NCL Online Division 3"]
[Site "online"]
[Date "2020.06.02"]
[Round "9.12"]
[White "Haydon, David L"]
[Black "Porter, Sam J"]
[Result "1-0"]
[WhiteElo "2294"]
[BlackElo "1975"]
[PlyCount "55"]
[EventDate "2020.06.02"]
[WhiteTeam "Brentwood"]
[BlackTeam "3 Smarties 1 Tube"]

1. e4 c5 2. Nc3 e6 3. Nf3 Nc6 4. d4 cxd4 5. Nxd4 a6 6. Be3 Nf6 7. f3 Be7 8. Qd2
O-O 9. g4 Qc7 10. O-O-O b5 11. g5 Ne8 12. h4 Bb7 13. Kb1 b4 14. Na4 Nxd4 15.
Bxd4 d5 16. e5 Qa5 17. Nb6 Rd8 18. h5 Nc7 19. g6 fxg6 20. hxg6 h6 21. Rxh6 gxh6
22. Qxh6 Rf7 23. gxf7+ Kxf7 24. Qh7+ Kf8 25. Be3 Rb8 26. Bh6+ Ke8 27. Qg8+ Bf8
28. Qxf8# 1-0

[Event "4NCL Online Division 3"]
[Site "online"]
[Date "2020.06.02"]
[Round "9.13"]
[White "Jost, Jan Niklas"]
[Black "Coote, Trevor D"]
[Result "0-1"]
[WhiteElo "1840"]
[BlackElo "2044"]
[PlyCount "44"]
[EventDate "2020.06.02"]
[WhiteTeam "3 Smarties 1 Tube"]
[BlackTeam "Brentwood"]

1. e4 g6 2. d4 Bg7 3. f4 d6 4. Nf3 Nf6 5. Nc3 O-O 6. Be2 Nbd7 7. Be3 c6 8. Qd2
Nb6 9. O-O-O Be6 10. h3 Nc4 11. Bxc4 Bxc4 12. f5 b5 13. Ng5 h6 14. Ne6 fxe6 15.
fxg6 b4 16. Bxh6 bxc3 17. Qf4 cxb2+ 18. Kxb2 Qb6+ 19. Kc1 Nxe4 20. Qh4 Bxa2 21.
Qxe4 Bxh6+ 22. Rd2 Qb1# 0-1

[Event "4NCL Online Division 3"]
[Site "online"]
[Date "2020.06.02"]
[Round "9.14"]
[White "Hughes, Gavin James"]
[Black "Porter, James D"]
[Result "0-1"]
[WhiteElo "1773"]
[BlackElo "1749"]
[PlyCount "106"]
[EventDate "2020.06.02"]
[WhiteTeam "Brentwood"]
[BlackTeam "3 Smarties 1 Tube"]

1. e4 e5 2. Nf3 Nc6 3. Bb5 a6 4. Ba4 b5 5. Bb3 Nf6 6. O-O Be7 7. Re1 O-O 8. c3
d6 9. h3 Re8 10. d3 Na5 11. Bc2 c5 12. Nbd2 Qc7 13. Nf1 Bb7 14. Ne3 Rac8 15. c4
Nc6 16. Nd5 Nxd5 17. exd5 Nd4 18. Nxd4 cxd4 19. b3 Bxd5 20. Qg4 Ba8 21. Bh6 Bf8
22. f4 Rcd8 23. f5 Qc8 24. Rf1 d5 25. cxb5 axb5 26. Rac1 f6 27. Bb1 Qb7 28. Rf3
Rc8 29. Rcf1 Rc7 30. Rg3 e4 31. Bf4 Rce7 32. Bd6 Rd7 33. Bxf8 Rxf8 34. Re1 Re8
35. h4 Qc7 36. h5 Qc3 37. Rd1 e3 38. Qe2 Qc7 39. Rg4 Qe5 40. Rf1 Rc8 41. h6 Rc3
42. g3 Qc7 43. Kh2 Rc1 44. Rxd4 Rxf1 45. Qxf1 Qe5 46. Rg4 Qb2+ 47. Kh3 d4 48.
Rxg7+ Rxg7 49. hxg7 Qd2 50. Qf4 Qg2+ 51. Kg4 Qe2+ 52. Kh4 Qh2+ 53. Kg4 h5# 0-1

[Event "4NCL Online Division 3"]
[Site "online"]
[Date "2020.06.02"]
[Round "9.21"]
[White "De Jonge, Henk"]
[Black "Mcleod, Fraser"]
[Result "1-0"]
[WhiteElo "1945"]
[BlackElo "2012"]
[PlyCount "161"]
[EventDate "2020.06.02"]
[WhiteTeam "Cork"]
[BlackTeam "Wessex Some Stars B"]

1. d4 Nf6 2. c4 e6 3. Nc3 Bb4 4. f3 c5 5. d5 Bxc3+ 6. bxc3 O-O 7. e4 e5 8. Bd3
d6 9. Ne2 Na6 10. O-O Nc7 11. g3 a6 12. a4 Bd7 13. Rb1 Rb8 14. Rb6 Na8 15. Rb1
Qa5 16. Bc2 Ne8 17. f4 f6 18. Kg2 Qd8 19. Bd3 Qa5 20. Bc2 Nb6 21. Bb3 Na8 22.
Bd2 Qd8 23. h3 Nec7 24. Qc2 Qe8 25. g4 Qe7 26. Ng3 g6 27. Rh1 b5 28. axb5 axb5
29. Ra1 Nb6 30. Ra7 Rfc8 31. Qd3 bxc4 32. Bxc4 Nxc4 33. Qxc4 Rb2 34. Qd3 exf4
35. Ne2 Bb5 36. c4 Bxc4 37. Qxc4 Rxd2 38. Kf3 g5 39. Rb1 Ra8 40. Rxa8+ Nxa8 41.
Rb8+ Kg7 42. Rxa8 Rb2 43. Qa4 Rb4 44. Qc2 h5 45. Ra4 hxg4+ 46. hxg4 Rb7 47. Qd1
Qe8 48. Qa1 Rb3+ 49. Nc3 Qe5 50. Ra7+ Kg6 51. Ra3 Rb8 52. Qh1 Rb7 53. Qh5+ Kg7
54. Qh1 Qd4 55. Qc1 Kg6 56. Ne2 Qe5 57. Qc3 Rh7 58. Qxe5 fxe5 59. Ra6 Rd7 60.
Nc3 Kf6 61. Nb5 Ke7 62. Rc6 Rd8 63. Rc7+ Rd7 64. Rc6 Rd8 65. Ke2 Rd7 66. Kd3
Rd8 67. Rc7+ Rd7 68. Rc8 Kf7 69. Rh8 Kg7 70. Re8 Rf7 71. Nxd6 Rf6 72. Nf5+ Kf7
73. Re7+ Kf8 74. Rxe5 Ra6 75. Re6 Ra3+ 76. Ke2 c4 77. Rc6 c3 78. Nd4 Ke8 79. e5
Ra2+ 80. Kf3 Ra3 81. Ke4 1-0

[Event "4NCL Online Division 3"]
[Site "online"]
[Date "2020.06.02"]
[Round "9.22"]
[White "Marsh, Roger D W"]
[Black "Watkins, Mark R"]
[Result "1/2-1/2"]
[WhiteElo "1928"]
[BlackElo "1731"]
[PlyCount "96"]
[EventDate "2020.06.02"]
[WhiteTeam "Wessex Some Stars B"]
[BlackTeam "Cork"]

1. d4 g6 2. c4 Bg7 3. Nc3 Nf6 4. e4 d6 5. Be2 O-O 6. Bg5 h6 7. Be3 c5 8. d5 e6
9. h3 exd5 10. exd5 Re8 11. Bd3 Nbd7 12. Nf3 Ne5 13. Nxe5 Rxe5 14. O-O a6 15.
a4 Bf5 16. Bxf5 Rxf5 17. Qd2 Kh7 18. g4 Re5 19. Bf4 Re8 20. Rfe1 Qd7 21. Rxe8
Rxe8 22. Re1 Rxe1+ 23. Qxe1 g5 24. Bg3 h5 25. Ne4 Kh6 26. Nxd6 hxg4 27. hxg4
Nxg4 28. Qe4 Nf6 29. Qf5 b6 30. Qxd7 Nxd7 31. b3 Kg6 32. Kf1 a5 33. Ke2 f5 34.
f3 f4 35. Be1 Be5 36. Ne4 Kf5 37. Nf2 Nf6 38. Kd3 g4 39. fxg4+ Nxg4 40. Nxg4
Kxg4 41. Ke4 Bd6 42. Bf2 Kg5 43. Kf3 Bc7 44. Be1 Be5 45. Ke4 Bd6 46. Kf3 Be5
47. Bd2 Kf5 48. Be1 Kg5 1/2-1/2

[Event "4NCL Online Division 3"]
[Site "online"]
[Date "2020.06.02"]
[Round "9.23"]
[White "Foran, Barry"]
[Black "Pentakota, Rajasekhar"]
[Result "0-1"]
[WhiteElo "1605"]
[BlackElo "1858"]
[PlyCount "94"]
[EventDate "2020.06.02"]
[WhiteTeam "Cork"]
[BlackTeam "Wessex Some Stars B"]

1. d4 Nf6 2. Nf3 g6 3. Nc3 Bg7 4. e4 d6 5. Be3 Nbd7 6. Qd2 Ng4 7. Bg5 h6 8. Bh4
c5 9. h3 cxd4 10. Nb5 Ngf6 11. Qxd4 a6 12. Nc3 Qb6 13. O-O-O O-O 14. Bc4 Nc5
15. e5 g5 16. Bg3 dxe5 17. Bxe5 Ncd7 18. Qxb6 Nxb6 19. Bb3 Bf5 20. Rd2 Rac8 21.
Rhd1 Nc4 22. Bxc4 Rxc4 23. Rd8 Rc8 24. Rxf8+ Kxf8 25. g4 Bg6 26. h4 Nxg4 27.
Bxg7+ Kxg7 28. hxg5 hxg5 29. Nxg5 Nxf2 30. Rd7 b5 31. Rxe7 b4 32. Ne6+ Kh6 33.
Nf4 bxc3 34. Nxg6 Kxg6 35. Ra7 Rc6 36. bxc3 Ne4 37. c4 Nd6 38. c5 Ne4 39. Re7
Nxc5 40. Re3 f5 41. Kd2 f4 42. Re8 Kf5 43. Rh8 Ne4+ 44. Kd3 Rc3+ 45. Kd4 Rxc2
46. Re8 Rd2+ 47. Kc4 Nd6+ 0-1

[Event "4NCL Online Division 3"]
[Site "online"]
[Date "2020.06.02"]
[Round "9.24"]
[White "Adaway, William"]
[Black "Shindgi, Sumanth"]
[Result "1-0"]
[WhiteElo "1857"]
[BlackElo "1353"]
[PlyCount "107"]
[EventDate "2020.06.02"]
[WhiteTeam "Wessex Some Stars B"]
[BlackTeam "Cork"]

1. c4 Nf6 2. Nc3 e5 3. Nf3 d6 4. d3 g6 5. g3 Bg7 6. Bg2 O-O 7. O-O Nc6 8. h3
Be6 9. Rb1 d5 10. Ng5 d4 11. Nxe6 fxe6 12. Ne4 Qe7 13. a3 Rab8 14. b4 Nd8 15.
Bg5 Nf7 16. Bd2 b6 17. b5 c5 18. bxc6 Nxe4 19. Bxe4 Qc7 20. Bg2 Nd8 21. Qa4 Rc8
22. Bg5 Nxc6 23. Bxc6 Qxc6 24. Qxa7 Rb8 25. Rb5 e4 26. Bf4 Rb7 27. Qa6 exd3 28.
exd3 Rf5 29. Rxf5 gxf5 30. Re1 Re7 31. Be5 Kf7 32. Qb5 Qc5 33. Qxc5 bxc5 34.
Bd6 Rb7 35. Bxc5 Rb3 36. Rd1 e5 37. a4 Bf8 38. Bxf8 Kxf8 39. Re1 Rxd3 40. Rxe5
f4 41. Rf5+ Ke7 42. Rxf4 Rc3 43. Rxd4 Ra3 44. c5 Rc3 45. Rh4 Rxc5 46. Rxh7+ Ke6
47. Rh6+ Kf7 48. Kf1 Ra5 49. Rh4 Re5 50. Rf4+ Kg6 51. h4 Kh5 52. Kg2 Re1 53.
Rf5+ Kg4 54. Rg5# 1-0

[Event "4NCL Online Division 3"]
[Site "online"]
[Date "2020.06.02"]
[Round "9.31"]
[White "Finn, Peter"]
[Black "Jones, Ian Robert"]
[Result "1/2-1/2"]
[WhiteElo "1959"]
[BlackElo "1944"]
[PlyCount "83"]
[EventDate "2020.06.02"]
[WhiteTeam "CSC 3"]
[BlackTeam "The Full Ponty"]

1. e4 e5 2. Nf3 d6 3. d4 exd4 4. Nxd4 Nf6 5. Nc3 Be7 6. Be2 O-O 7. O-O Re8 8.
Re1 Bf8 9. Bf3 Nbd7 10. g3 Ne5 11. Bg2 Bg4 12. f3 c5 13. Nb3 Bd7 14. Bg5 h6 15.
Bxf6 Qxf6 16. Nd5 Qd8 17. Nc1 Bc6 18. Ne2 Nc4 19. b3 Nb6 20. Nef4 Nxd5 21. Nxd5
b5 22. Qd3 a5 23. c4 b4 24. a4 g6 25. Rad1 Bg7 26. Kh1 Bxd5 27. Qxd5 Bd4 28.
Rxd4 cxd4 29. Qxd4 Qc7 30. Rd1 Rad8 31. Kg1 Qc5 32. Kf2 Qxd4+ 33. Rxd4 Kf8 34.
Ke3 Re5 35. f4 Rc5 36. e5 Ke7 37. exd6+ Rxd6 38. Bd5 f5 39. Rd2 h5 40. Kd4
Rdxd5+ 41. cxd5 Kd6 42. Ke3 1/2-1/2

[Event "4NCL Online Division 3"]
[Site "online"]
[Date "2020.06.02"]
[Round "9.32"]
[White "Fletcher, John"]
[Black "Samarasinghe Jude, Ranga"]
[Result "1-0"]
[WhiteElo "1994"]
[BlackElo "1924"]
[PlyCount "69"]
[EventDate "2020.06.02"]
[WhiteTeam "The Full Ponty"]
[BlackTeam "CSC 3"]

1. d4 e6 2. e4 d5 3. Nc3 Bb4 4. e5 c5 5. a3 Ba5 6. Qg4 Kf8 7. Nf3 Nc6 8. dxc5
d4 9. b4 Nxb4 10. axb4 Bxb4 11. Bd2 Bxc3 12. Bxc3 dxc3 13. Rd1 Qc7 14. Qd4 g6
15. h4 h5 16. Bb5 Kg7 17. Qd6 Qa5 18. Be8 Qa6 19. Qd8 Qc4 20. Bxf7 Qe4+ 21. Kf1
Qf5 22. Bxg6 Qxg6 23. Ng5 Nh6 24. Qe7+ Nf7 25. Rh3 b6 26. Nxf7 Ba6+ 27. Kg1
Rhe8 28. Qd7 Bb5 29. Qxb5 Qxf7 30. Rf3 Qxf3 31. gxf3 bxc5 32. Rd7+ Kh6 33. Qd3
Rg8+ 34. Kf1 Rg6 35. Qe3+ 1-0

[Event "4NCL Online Division 3"]
[Site "online"]
[Date "2020.06.02"]
[Round "9.33"]
[White "Evans, Harry G"]
[Black "Adams, Mark"]
[Result "0-1"]
[WhiteElo "1915"]
[BlackElo "1944"]
[PlyCount "110"]
[EventDate "2020.06.02"]
[WhiteTeam "CSC 3"]
[BlackTeam "The Full Ponty"]

1. d4 Nf6 2. Bf4 c5 3. e3 Qb6 4. Nc3 e6 5. Nb5 Nd5 6. Bg3 a6 7. e4 axb5 8. exd5
cxd4 9. Nf3 Bb4+ 10. Nd2 O-O 11. Bd3 f5 12. O-O Be7 13. Nf3 Qc5 14. Bxb8 Rxb8
15. dxe6 dxe6 16. Qe2 Bd7 17. b4 Qxb4 18. Rab1 Qd6 19. Bxb5 Bf6 20. Bxd7 Qxd7
21. Rfe1 Rfe8 22. Ne5 Qd6 23. Rb5 b6 24. f4 Re7 25. Reb1 Bxe5 26. fxe5 Qc6 27.
a4 Ra7 28. a5 Rab7 29. Qf3 Qxc2 30. a6 Rd7 31. Rxb6 Rxb6 32. Rxb6 Qc1+ 33. Kf2
h6 34. Rb7 Rxb7 35. axb7 Qb2+ 36. Kg3 d3 37. Qc6 Qxe5+ 38. Kh3 d2 39. Qa4 Qd6
40. Qd1 Qf4 41. b8=Q+ Qxb8 42. Qxd2 g5 43. g3 Qb5 44. Qd8+ Kf7 45. Qc7+ Kg6 46.
Kg2 Qe2+ 47. Kg1 Qe3+ 48. Kg2 Qe4+ 49. Kg1 f4 50. Qe7 f3 51. Qe8+ Kf5 52. Qf7+
Kg4 53. h3+ Kxg3 54. Qxf3+ Qxf3 55. h4 Qd1# 0-1

[Event "4NCL Online Division 3"]
[Site "online"]
[Date "2020.06.02"]
[Round "9.34"]
[White "Hughes, Anthony"]
[Black "Kan, Toby"]
[Result "1-0"]
[WhiteElo "1873"]
[BlackElo "1892"]
[PlyCount "81"]
[EventDate "2020.06.02"]
[WhiteTeam "The Full Ponty"]
[BlackTeam "CSC 3"]

1. d4 Nf6 2. Nf3 c5 3. d5 e6 4. Nc3 exd5 5. Nxd5 Nxd5 6. Qxd5 Nc6 7. e4 d6 8.
Ng5 Qc7 9. Bc4 Ne5 10. Bb5+ Bd7 11. Bxd7+ Qxd7 12. f4 Nc6 13. O-O h6 14. Nf3
Be7 15. Bd2 O-O 16. Bc3 Rad8 17. Rad1 Qc7 18. a4 a6 19. Qc4 Rb8 20. b3 b5 21.
axb5 axb5 22. Qe2 Rfd8 23. Rd2 Na7 24. Rfd1 b4 25. Bb2 Nb5 26. Qc4 Qc6 27. e5
Rb7 28. f5 Qd7 29. e6 fxe6 30. fxe6 Qc6 31. Qg4 Bf8 32. Ne5 Qe8 33. Nf7 Rxf7
34. exf7+ Qxf7 35. Rf2 Qd7 36. Qg6 Qe8 37. Qf5 Qd7 38. Qd5+ Kh8 39. Rdf1 Qf7
40. Rxf7 Nc3 41. Rxf8+ 1-0

[Event "4NCL Online Division 3"]
[Site "online"]
[Date "2020.06.02"]
[Round "9.41"]
[White "Mashayekh, Majid"]
[Black "Lockett, Karl"]
[Result "0-1"]
[WhiteElo "1881"]
[BlackElo "1810"]
[PlyCount "74"]
[EventDate "2020.06.02"]
[WhiteTeam "CSC 4"]
[BlackTeam "Crewe"]

1. Nf3 b6 2. g3 Bb7 3. Bg2 e6 4. c4 Nf6 5. Nc3 c5 6. O-O Be7 7. d3 O-O 8. e4
Nc6 9. e5 Ne8 10. Bf4 a6 11. a4 d6 12. Re1 Qd7 13. exd6 Nxd6 14. Qb3 Nd4 15.
Nxd4 Bxg2 16. Nxe6 fxe6 17. Kxg2 Qc6+ 18. Ne4 Nf5 19. a5 b5 20. cxb5 axb5 21.
Qc3 Nd4 22. Rac1 Rac8 23. Be5 Nf3 24. Re3 Nxe5 25. Qxe5 Bf6 26. Qxc5 Qb7 27.
Qd6 Rxc1 28. Qxe6+ Kh8 29. Rf3 Rc6 30. Qd5 Rc7 31. Qd6 Rcf7 32. a6 Qa8 33. Qe6
g6 34. Kg1 Kg7 35. Re3 Bd4 36. Re2 Qa7 37. Kg2 Qb6 0-1

[Event "4NCL Online Division 3"]
[Site "online"]
[Date "2020.06.02"]
[Round "9.42"]
[White "Renegade, Richard"]
[Black "Towers, Nigel S"]
[Result "0-1"]
[WhiteElo "1735"]
[BlackElo "1858"]
[PlyCount "110"]
[EventDate "2020.06.02"]
[WhiteTeam "Crewe"]
[BlackTeam "CSC 4"]

1. e4 c6 2. f4 d5 3. e5 Bf5 4. g4 Be4 5. Nf3 e6 6. h4 Nh6 7. d3 Bxf3 8. Qxf3
Be7 9. g5 Nf5 10. Bh3 Nxh4 11. Qf2 Nf5 12. Bxf5 exf5 13. Be3 Nd7 14. Nd2 c5 15.
Qg2 d4 16. Bf2 Nb6 17. Qxb7 Qd5 18. Qxd5 Nxd5 19. Bg3 Ne3 20. Rc1 Rb8 21. b3
Nd5 22. Nc4 Kd7 23. e6+ fxe6 24. Ne5+ Kc7 25. g6 hxg6 26. Rxh8 Rxh8 27. Nxg6
Rh1+ 28. Kd2 Rxc1 29. Kxc1 Bd6 30. Kd2 Kd7 31. Ke2 Nc3+ 32. Kf3 Nxa2 33. Be1
Ke8 34. Nh4 Kf7 35. Ng2 Be7 36. Bd2 Kg6 37. Kg3 Kh5 38. Kh3 g5 39. Kg3 Kg6 40.
fxg5 Bxg5 41. Bxg5 Kxg5 42. Nf4 Kf6 43. Ng2 Nb4 44. Ne1 e5 45. Kf3 Kg5 46. Kg3
e4 47. dxe4 fxe4 48. Kf2 Kg4 49. Ke2 Kg3 50. Kf1 d3 51. cxd3 exd3 52. Ng2 Nc2
53. Ne1 Nxe1 54. Kxe1 Kf3 55. Kd2 Ke4 0-1

[Event "4NCL Online Division 3"]
[Site "online"]
[Date "2020.06.02"]
[Round "9.43"]
[White "Frostick, Helen M"]
[Black "Gardiner, Harry"]
[Result "0-1"]
[WhiteElo "1855"]
[BlackElo "1697"]
[PlyCount "80"]
[EventDate "2020.06.02"]
[WhiteTeam "CSC 4"]
[BlackTeam "Crewe"]

1. e4 c5 2. Nc3 Nc6 3. d3 e6 4. f4 d5 5. Nf3 Nge7 6. g3 Ng6 7. Bg2 Be7 8. Bd2
a6 9. a4 O-O 10. h4 dxe4 11. dxe4 Nd4 12. h5 Nxf3+ 13. Qxf3 Nh8 14. h6 g6 15.
Be3 Bd7 16. e5 Bc6 17. Qf2 Qc7 18. O-O Bxg2 19. Qxg2 f5 20. exf6 Bxf6 21. Rab1
Rad8 22. Rfe1 Nf7 23. Qh3 Qc6 24. Rbd1 Rxd1 25. Rxd1 Bxc3 26. bxc3 Re8 27. Re1
e5 28. f5 b6 29. Qg4 Qf6 30. Rf1 Nd6 31. fxg6 Qxg6 32. Qxg6+ hxg6 33. Rf6 Nf5
34. Bf2 Nxh6 35. Rxg6+ Kh7 36. Rxb6 e4 37. Rxa6 e3 38. Be1 Nf5 39. Rc6 e2 40.
Kf2 Ne3 0-1

[Event "4NCL Online Division 3"]
[Site "online"]
[Date "2020.06.02"]
[Round "9.44"]
[White "Layhe, Neville"]
[Black "Kumar, Soham"]
[Result "1/2-1/2"]
[WhiteElo "1607"]
[BlackElo "1742"]
[PlyCount "80"]
[EventDate "2020.06.02"]
[WhiteTeam "Crewe"]
[BlackTeam "CSC 4"]

1. d4 Nf6 2. e3 g6 3. Bd3 d5 4. Nd2 Bg7 5. c3 O-O 6. f4 c5 7. Ngf3 cxd4 8. exd4
Qc7 9. g3 Nc6 10. O-O Bg4 11. Qe2 Rfe8 12. Qg2 Qb6 13. Kh1 Bxf3 14. Qxf3 e6 15.
Qe2 Nd7 16. Nf3 f6 17. Be3 Qc7 18. Qf2 e5 19. fxe5 fxe5 20. dxe5 Ndxe5 21. Nxe5
Nxe5 22. Qg2 Nxd3 23. Qxd5+ Kh8 24. Qxd3 Rad8 25. Bd4 Bxd4 26. cxd4 Qc6+ 27.
Qf3 Qxf3+ 28. Rxf3 Rxd4 29. Raf1 Rd2 30. R1f2 Ree2 31. Rf8+ Kg7 32. R8f7+ Kh6
33. Rxe2 Rxe2 34. Rxb7 a5 35. a4 Re4 36. b3 Re2 37. Rb5 Rb2 38. Rxa5 Rxb3 39.
Rb5 Ra3 40. a5 Ra2 1/2-1/2

[Event "4NCL Online Division 3"]
[Site "online"]
[Date "2020.06.02"]
[Round "9.51"]
[White "Thomson, Neil"]
[Black "Roberts, David N"]
[Result "1-0"]
[WhiteElo "1960"]
[BlackElo "1967"]
[PlyCount "75"]
[EventDate "2020.06.02"]
[WhiteTeam "Four Horsemen"]
[BlackTeam "Horsham"]

1. e4 c5 2. Nf3 e6 3. d4 cxd4 4. Nxd4 Nc6 5. Nc3 Qc7 6. g3 a6 7. Bg2 Nf6 8. O-O
Nxd4 9. Qxd4 Bc5 10. Bf4 d6 11. Qd2 h6 12. Rad1 e5 13. Be3 Be6 14. Bxc5 dxc5
15. Nd5 Bxd5 16. exd5 Qd6 17. c4 O-O 18. Qc3 Rfe8 19. Rfe1 Re7 20. a3 Rae8 21.
b4 Nd7 22. Be4 g6 23. g4 b6 24. Rd3 Nf6 25. Rg3 Nxe4 26. Rxe4 b5 27. Qe3 cxb4
28. Qxh6 Qf6 29. c5 bxa3 30. Rxa3 Rc7 31. c6 Rd8 32. Rxa6 Rxd5 33. Ra8+ Rd8 34.
g5 Qd6 35. Rh4 Qd1+ 36. Kg2 Qd5+ 37. f3 Qd2+ 38. Kh3 1-0

[Event "4NCL Online Division 3"]
[Site "online"]
[Date "2020.06.02"]
[Round "9.52"]
[White "Heath, Chris W"]
[Black "Murdochy, Shivan"]
[Result "0-1"]
[WhiteElo "1855"]
[BlackElo "1887"]
[PlyCount "154"]
[EventDate "2020.06.02"]
[WhiteTeam "Horsham"]
[BlackTeam "Four Horsemen"]

1. e4 e6 2. d4 d5 3. Nc3 Nf6 4. Bg5 Bb4 5. e5 h6 6. Bd2 Bxc3 7. bxc3 Ne4 8. Qg4
g6 9. Bc1 c5 10. Bd3 Nxc3 11. dxc5 Nc6 12. Nf3 Qa5 13. O-O Bd7 14. Qh4 Qxc5 15.
a4 Qe7 16. Bg5 Qb4 17. Qh3 h5 18. Bd2 Qc5 19. Qh4 d4 20. Qf6 Rg8 21. Bxc3 dxc3
22. Ng5 Qe7 23. Ne4 Qxf6 24. Nxf6+ Ke7 25. Nxg8+ Rxg8 26. Rfe1 a5 27. Ra3 Nb4
28. Rxc3 Bc6 29. Be4 Bxe4 30. Rxe4 Rd8 31. Kf1 Rd1+ 32. Ke2 Ra1 33. Rc7+ Kf8
34. Rec4 Rxa4 35. Rxb7 Ra2 36. Kd2 Nd5 37. Ra7 g5 38. Rc8+ Kg7 39. Rca8 Nb4 40.
Rc8 Nd5 41. Rc5 a4 42. Rca5 Nb4 43. Kc3 Nxc2 44. Rxa4 Rxa4 45. Rxa4 Ne1 46. g3
Nf3 47. h4 gxh4 48. gxh4 Nxe5 49. Kd2 Kg6 50. Ke2 Kf5 51. Ra5 f6 52. Ra4 Ng6
53. Kf3 e5 54. Kg3 e4 55. Ra5+ Ne5 56. Ra4 Nd3 57. Ra5+ Ne5 58. Ra3 Ng4 59. f3
exf3 60. Rxf3+ Kg6 61. Ra3 Ne5 62. Kf4 Nf7 63. Rg3+ Kh6 64. Kf5 Nd6+ 65. Kf4
Ne8 66. Rg1 Ng7 67. Rg2 Kh7 68. Rg1 Kg8 69. Ra1 Kf7 70. Rg1 Kf8 71. Ke4 Kf7 72.
Rb1 Kg6 73. Rg1+ Kf7 74. Kf4 Ne6+ 75. Kf5 Ng7+ 76. Ke4 Ne6 77. Ra1 Ng7 0-1

[Event "4NCL Online Division 3"]
[Site "online"]
[Date "2020.06.02"]
[Round "9.53"]
[White "Gillespie, Gary"]
[Black "Ashby, Nicholas G"]
[Result "0-1"]
[WhiteElo "1843"]
[BlackElo "1817"]
[PlyCount "44"]
[EventDate "2020.06.02"]
[WhiteTeam "Four Horsemen"]
[BlackTeam "Horsham"]

1. b3 e5 2. Bb2 Nc6 3. e3 d5 4. c4 d4 5. exd4 exd4 6. d3 Nf6 7. Nf3 Bb4+ 8.
Nbd2 O-O 9. Be2 a5 10. O-O Re8 11. Re1 Bf5 12. a3 Bc5 13. Nf1 h6 14. Ng3 Bh7
15. Qd2 Qd6 16. Nh4 Re5 17. f4 Re6 18. f5 Re3 19. Nh5 Nxh5 20. Bxh5 Qf4 21. Qf2
Qxf2+ 22. Kxf2 Rxd3 0-1

[Event "4NCL Online Division 3"]
[Site "online"]
[Date "2020.06.02"]
[Round "9.54"]
[White "Hosker, Monika"]
[Black "Wilkinson, Kevin"]
[Result "0-1"]
[WhiteElo "1375"]
[BlackElo "1392"]
[PlyCount "160"]
[EventDate "2020.06.02"]
[WhiteTeam "Horsham"]
[BlackTeam "Four Horsemen"]

1. d4 d5 2. c4 e6 3. Nc3 Nf6 4. Nf3 Be7 5. Bg5 h6 6. Bxf6 Bxf6 7. e3 c6 8. cxd5
exd5 9. Bd3 Be6 10. O-O Nd7 11. Re1 Be7 12. a3 O-O 13. b4 a6 14. Rc1 Bg4 15. h3
Bh5 16. e4 dxe4 17. Nxe4 Nf6 18. Ng3 Bxf3 19. Qxf3 Re8 20. Ne4 Qxd4 21. Rc4 Qd7
22. Nxf6+ Bxf6 23. Rce4 Rad8 24. Bb1 Kf8 25. Rf1 Rxe4 26. Qxe4 Re8 27. Qh7 Ke7
28. Bc2 Qe6 29. Qd3 Kf8 30. Bb3 Rd8 31. Qf3 Qe7 32. Qg4 Qe5 33. Qc4 Qd5 34. Qc2
Qe5 35. Qb1 Qb2 36. a4 Rd2 37. Rd1 Bd4 38. Qxb2 Rxd1+ 39. Bxd1 Bxb2 40. Bf3 Ke7
41. g4 g5 42. Kf1 Kd6 43. Ke2 Bc3 44. Kd3 Bxb4 45. Kc4 Bc5 46. Be4 Bxf2 47. Bh7
b5+ 48. axb5 axb5+ 49. Kb4 f6 50. Bf5 Bc5+ 51. Kb3 Kd5 52. Bd7 b4 53. Bf5 Bd6
54. Bd7 c5 55. Bb5 Kd4 56. Bc4 Ke4 57. Ka4 f5 58. gxf5 Kxf5 59. Bd3+ Kf4 60.
Bc4 Kg3 61. Be6 h5 62. Kb3 g4 63. hxg4 hxg4 64. Kc2 Kf4 65. Kd3 Kf3 66. Bd5+
Kf2 67. Kd2 g3 68. Kc2 g2 69. Bxg2 Kxg2 70. Kb3 Kf3 71. Kc4 Ke3 72. Kb3 Kd3 73.
Ka4 c4 74. Kb5 c3 75. Kc6 Bf8 76. Kd5 c2 77. Kc6 c1=Q+ 78. Kb5 Qc4+ 79. Ka4
Qa6+ 80. Kb3 Qa3# 0-1

[Event "4NCL Online Division 3"]
[Site "online"]
[Date "2020.06.02"]
[Round "9.61"]
[White "Fewell, Ewan"]
[Black "Parry, Matthew"]
[Result "1-0"]
[WhiteElo "1907"]
[BlackElo "1903"]
[PlyCount "45"]
[EventDate "2020.06.02"]
[WhiteTeam "Nottingham University 1"]
[BlackTeam "Abergavenny and Friends"]

1. e4 Nf6 2. e5 Nd5 3. c4 Nb6 4. d4 d6 5. f4 g6 6. Nc3 Bg7 7. Be3 O-O 8. c5
N6d7 9. Nf3 e6 10. Rc1 b6 11. cxd6 cxd6 12. Nb5 dxe5 13. Nc7 exf4 14. Bxf4 Bb7
15. Nxa8 Bxa8 16. Be2 Nc6 17. O-O Nb4 18. Bd6 Nxa2 19. Ra1 Re8 20. Rxa2 Nf6 21.
Be5 Qd7 22. Qa4 a5 23. Bb5 1-0

[Event "4NCL Online Division 3"]
[Site "online"]
[Date "2020.06.02"]
[Round "9.62"]
[White "Keene, Alan"]
[Black "Huseletov, Stanislav"]
[Result "0-1"]
[WhiteElo "1840"]
[BlackElo "1810"]
[PlyCount "78"]
[EventDate "2020.06.02"]
[WhiteTeam "Abergavenny and Friends"]
[BlackTeam "Nottingham University 1"]

1. d4 Nf6 2. c4 e5 3. dxe5 Ng4 4. Nf3 Nc6 5. Bg5 Be7 6. Bf4 Bb4+ 7. Nbd2 Qe7 8.
a3 Ngxe5 9. e3 Nxf3+ 10. gxf3 Bxd2+ 11. Qxd2 d6 12. Bd3 g5 13. Bg3 Bh3 14. Qc3
O-O-O 15. O-O-O h5 16. f4 h4 17. f5 hxg3 18. hxg3 Qe5 19. Qc2 Bg4 20. Rde1 Bf3
21. Rhg1 Rh2 22. g4 Rh4 23. Rg3 Rh1 24. Rxh1 Bxh1 25. Rh3 Rh8 26. f4 gxf4 27.
Rxh8+ Qxh8 28. exf4 Qd4 29. Qd2 Qg1+ 30. Kc2 Qxg4 31. Kc3 Qg7+ 32. Kb3 Nd4+ 33.
Ka2 Bc6 34. Qc3 Bd7 35. Qa5 Nc6 36. Qd5 Qd4 37. Qxf7 Qxd3 38. Qg8+ Nd8 39. f6
Be6 0-1